00893cam a22002535a 450000100100000000500170001000800410002702000150006802000180008304000310010108200200013210000200015224500820017226000540025430000260030850400510033465000340038565000420041965000320046165300210049394200080051499900170052295201000053900872966720201128024354.0020211s2002 enk frb 001 0 eng d a0273651056 a9780273651055 aStDuBDSdUkdEG-ScBUEbeng04a338.04222bBEA1 aBeaver, Graham.10aSmall business, entrepreneurship and enterprise development /cGraham Beaver. aHarlow :bFinancial Times / Prentice Hall,c2002. axii, 213 p. ;c25 cm. aIncludes bibliographical references and index. 7aEntrepreneurship.2BUEsh9240 7aNew business enterprises.2BUEsh9239 7aSmall Business.2BUEsh9253 bBUSADMcJune2018 2ddc c26803d26775 00102ddc4070aMAINbMAINc1STd2018-06-21l0o338.04 BEAp000047838r2025-07-15 00:00:00yBB